LEADER 01016cam0-2200337---450- 001 990009804000403321 005 20141216113625.0 010 $a978-88-339-2358-1 035 $a000980400 035 $aFED01000980400 035 $a(Aleph)000980400FED01 035 $a000980400 100 $a20131219d2012----km-y0itay50------ba 101 0 $aita 102 $aIT 105 $ay-------001yy 200 1 $a<>signori del rating$econflitti di interesse e relazioni pericolose delle tre agenzie più temute dalla finanza globale$fPaolo Gila e Mario Miscali 210 $aTorino$cBollati Boringhieri$d2012 215 $a183 p.$d20 cm 225 1 $aTemi$v222 610 0 $aAgenzie di rating 676 $a332.632042$v22$zita 700 1$aGila,$bPaolo$0330105 701 1$aMiscali,$bMario$036989 801 0$aIT$bUNINA$gREICAT$2UNIMARC 901 $aBK 912 $a990009804000403321 952 $aCollez. 1219 (222)$b50979$fFSPBC 959 $aFSPBC 996 $aSignori del rating$9837764 997 $aUNINA LEADER 04829nam 2201081 450 001 9910829046503321 005 20230803203516.0 010 $a0-520-95900-0 024 7 $a10.1525/9780520959002 035 $a(CKB)3710000000167721 035 $a(EBL)1711008 035 $a(SSID)ssj0001261533 035 $a(PQKBManifestationID)12476669 035 $a(PQKBTitleCode)TC0001261533 035 $a(PQKBWorkID)11210349 035 $a(PQKB)11303607 035 $a(StDuBDS)EDZ0001054084 035 $a(MiAaPQ)EBC1711008 035 $a(OCoLC)966869123 035 $a(MdBmJHUP)muse52263 035 $a(DE-B1597)519049 035 $a(OCoLC)883632145 035 $a(DE-B1597)9780520959002 035 $a(Au-PeEL)EBL1711008 035 $a(CaPaEBR)ebr10891281 035 $a(CaONFJC)MIL625753 035 $a(EXLCZ)993710000000167721 100 $a20140719h20142014 uy 0 101 0 $aeng 135 $aur|nu---|u||u 181 $ctxt 182 $cc 183 $acr 200 10$aBody counts $ethe Vietnam War and militarized refuge(es) /$fYe? Le? Espiritu 210 1$aOakland, California :$cUniversity of California Press,$d2014. 210 4$d©2014 215 $a1 online resource (265 p.) 300 $aDescription based upon print version of record. 311 0 $a0-520-27771-6 311 0 $a0-520-27770-8 320 $aIncludes bibliographical references and index. 327 $tFront matter --$tContents --$tList of Illustrations --$tAcknowledgments --$t1. Critical Refuge(e) Studies --$t2. Militarized Refuge(es) --$t3. Refugee Camps and the Politics of Living --$t4. The "Good Warriors" and the "Good Refugee" --$t5. Refugee Remembering-and Remembrance --$t6. Refugee Post-memories: The "Generation After" --$t7. "The Endings That Are Not Over" --$tNotes --$tReferences --$tIndex 330 $aBody Counts: The Vietnam War and Militarized Refuge(es) examines how the Vietnam War has continued to serve as a stage for the shoring up of American imperialist adventure and for the (re)production of American and Vietnamese American identities. Focusing on the politics of war memory and commemoration, this book retheorizes the connections among history, memory, and power and refashions the fields of American studies, Asian American studies, and refugee studies not around the narratives of American exceptionalism, immigration, and transnationalism but around the crucial issues of war, race, and violence-and the history and memories that are forged in the aftermath of war. At the same time, the book moves decisively away from the "damage-centered" approach that pathologizes loss and trauma by detailing how first- and second-generation Vietnamese have created alternative memories and epistemologies that challenge the established public narratives of the Vietnam War and Vietnamese people. Explicitly interdisciplinary, Body Counts moves between the humanities and social sciences, drawing on historical, ethnographic, cultural, and virtual evidence in order to illuminate the places where Vietnamese refugees have managed to conjure up social, public, and collective remembering. 606 $aVietnam War, 1961-1975$xRefugees 606 $aRefugees$zVietnam 606 $aRefugees$zUnited States 606 $aVietnamese Americans 606 $aCollective memory$zUnited States 606 $aMilitarism$zUnited States 610 $a20th century american history. 610 $a20th century global history. 610 $aalternative memories. 610 $aamerican exceptionalism. 610 $aamerican imperialism. 610 $aamerican studies. 610 $aasian american studies. 610 $acollective remembering. 610 $acommemoration. 610 $adamage centered approach. 610 $aimmigration. 610 $aimperialism. 610 $ainterdisciplinary. 610 $ainternational politics. 610 $aloss and trauma. 610 $apolitics of memory. 610 $apolitics. 610 $apower and memory. 610 $arefugee studies. 610 $arefugees. 610 $aretrospective. 610 $atransnationalism. 610 $avietnam war. 610 $avietnam. 610 $avietnamese american. 610 $avietnamese refugees. 610 $avietnamese. 610 $aviolence. 610 $awar memory. 615 0$aVietnam War, 1961-1975$xRefugees. 615 0$aRefugees 615 0$aRefugees 615 0$aVietnamese Americans. 615 0$aCollective memory 615 0$aMilitarism 676 $a959.704/31 700 $aEspiritu$b Yen Le$f1963-$01594151 801 0$bMiAaPQ 801 1$bMiAaPQ 801 2$bMiAaPQ 906 $aBOOK 912 $a9910829046503321 996 $aBody counts$93914606 997 $aUNINA LEADER 02404nas 2200613-a 450 001 996198389403316 005 20240413014400.0 035 $a(CKB)1000000000526304 035 $a(CONSER)ce-83072451- 035 $a(EXLCZ)991000000000526304 100 $a19830929b19832009 -a- a 101 0 $aeng 181 $ctxt$2rdacontent 182 $cc$2rdamedia 183 $acr$2rdacarrier 200 00$aCISTI news /$fCanada Institute for Scientific and Technical Information 210 $aOttawa $cNational Research Council Canada$d1983-[2009?] 215 $a1 online resource 311 $aPrint version: CISTI news / (DLC)ce 83072451 (OCoLC)9960158 1482-5112 517 2 $aCanada Institute for Scientific and Technical Information news 517 1 $aActualités ICIST 531 0 $aCISTI news 606 $aScience$xInformation services$vPeriodicals 606 $aTechnology$zCanada$xInformation services$xPeriodicals 606 $aTechnology$xInformation services$vPeriodicals 606 $aScience$zCanada$xInformation services$vPeriodicals 606 $aTechnologie$xServices d'information$vPériodiques 606 $aSciences$zCanada$xServices d'information$vPériodiques 606 $aSciences$xServices d'information$vPériodiques 606 $aTechnologie$zCanada$xServices d'information$xPériodiques 606 $aScience$xInformation services$2fast$3(OCoLC)fst01108282 606 $aTechnology$xInformation services$2fast$3(OCoLC)fst01145131 607 $aCanada$2fast 608 $aPeriodicals.$2fast 615 0$aScience$xInformation services 615 0$aTechnology$xInformation services$xPeriodicals. 615 0$aTechnology$xInformation services 615 0$aScience$xInformation services 615 6$aTechnologie$xServices d'information 615 6$aSciences$xServices d'information 615 6$aSciences$xServices d'information 615 6$aTechnologie$xServices d'information$xPériodiques. 615 7$aScience$xInformation services. 615 7$aTechnology$xInformation services. 676 $a026/.50971 686 $acci1icc$2lacc 686 $acoll14$2lacc 712 02$aCanada Institute for Scientific and Technical Information. 712 02$aNational Research Council Canada. 906 $aJOURNAL 912 $a996198389403316 920 $aexl_impl conversion 996 $aCISTI news$91961375 997 $aUNISA